04 - Né(es) un 4 janvier. - Statistiques

Statistiques générales
  • Ce quiz a été pris 31 fois
  • Le résultat moyen est 3 sur 11
Statistiques - réponses
Hint Réponse % Correct
Inventeur d’un système d’écriture tactile à points saillants, à l’usage des personnes aveugles. 1809 Louis Braille
92%
Joueur de football allemand. Milieu de terrain. Passé par le Bayern de Munich avant de rejoindre le Real de Madrid. 1990 Toni Kroos
58%
Joueur de basketball français. Ailier fort et pivot évoluant chez les San Antonio Spurs depuis la saison 2023. 2004 Victor Wembanyama|Victor Nonga Wembanyama-de Fautereau-Vassel|Wemby
58%
Joueur de football français évoluant au poste de gardien de but à l'AJ Auxerre puis au Paris Saint-Germain. De 2000 à 2017, il fut l'entraîneur des gardiens de but de l'Olympique lyonnais. 1957 Joël Bats
31%
Acteur français vu dans "Papa, Maman, la Bonne et moi", et scénariste de "Mais où est donc passée la septième compagnie ?" 1920 Robert Lamoureux
31%
Commissaire-priseur, historien d'art et écrivain français, membre de l’Académie française. Père de Nathalie et Bettina. 1910 Maurice Prosper Gilles Rheims
15%
Journaliste français, présentateur de la météo sur France 2 de 1996 à 2008. 1948 Patrice Drevet
8%
Auteur-compositeur-interprète français. Révélation variétés masculine de l’année aux Victoires de la musique (1994). L'album "Le Bal des oiseaux" le fit connaître. 1963 Thomas Fersen
8%
Acteur et réalisateur franco-israélien. Double Tom Cruise notamment dans "Eyes Wide Shut", "Mission Impossible 2". 1965 Yvan Attal
8%
Actrice française vue dans "Marc et Sophie", "Imogène", "Famille d'accueil". 1928 Ginette Garcin
4%
Acteur puis réalisateur. Oscar du meilleur montage en 1948 pour Sang et or. 1916 Robert Parrish
0%
Aucun quiz correspondant
Distribution des résultats
% des personnes avec chaque résultat
Percentile par nombre de réponses
Votre historique - résultats
Vous n’avez pas pris ce quiz